000 01013nam a22002417a 4500
003 PE SENCICO BE
005 20251020182646.0
008 231114b |||||||| |||| 00| 0 eng d
040 _aPE SENCICO BE
_cPE SENCICO BE
041 _aspa
084 _aI
_aDIB
_a2017
_bP29
100 1 _91788
_aPaucar Flores, Guillermo Junior
_eautor
245 1 _aParametros urbanísticos y edificatorios /
_cGuillermo Junior Paucar Flores
260 _aLima :
_c2017
300 _a25, [60] h. :
_bplans., tabls. ;
_c30 cm.
502 _aMonografía de Titulación.-- Servicio Nacional de Capacitación para la Industria de la Construcción. Escuela Superior Técnica. Carrera Profesional Técnica en Dibujo en Construcción Civil, 2017.
650 1 0 _9528
_aPlanificación urbana
650 2 0 _9762
_aDiseño urbano
650 2 0 _9940
_aProyectos de edificaciones
710 1 _aServicio Nacional de Capacitación para la Industria de la Construcción.
_bEscuela Superior Técnica
_91065
910 _bhfp
_chfp
942 _cMON
999 _c4441
_d4441